Inside rebellion <the> politics of insurgent violence

Salvato in:
Dettagli Bibliografici
Autore principale: Weinstein, Jeremy M.
Natura: Libro
Lingua:inglese
Pubblicazione: New York Cambridge University Press 2007
Serie:Cambridge studies in comparative politics
Soggetti:
Tags: Aggiungi Tag
Nessun Tag, puoi essere il primo ad aggiungerne!!

MARC

LEADER 00000nam a2200000 4500
001 0121557
005 20240306135727.7
020 |a 978-0-521-67797-4 
041 0 |a eng 
044 |a US 
245 1 0 |a Inside rebellion  |b <the> politics of insurgent violence  |c Jeremy M. Weinstein 
264 1 |a New York  |b Cambridge University Press  |c 2007 
300 |a 402 s. 
490 1 |a Cambridge studies in comparative politics 
830 0 |a Cambridge studies in comparative politics 
610 2 0 |a vojny 
610 2 0 |a konflikty 
610 2 0 |a krajiny rozvojové 
610 2 0 |a obyvateľstvo 
610 2 0 |a boj triedny 
610 2 0 |a boj politický 
100 1 |a Weinstein, Jeremy M.